00470nam a22001457a 450000500170000000800410001702000150005804000130007308200240008610000230011024501070013326000660024030000100030654600080031620180307102855.0170727b xxu||||| |||| 00| 0 eng d a1565642872 cPK-LaUMT aZIAC 297.082bKAT-R aKatherine, Bullock aRethinking Muslim women and the veil : challenging historical & modern stereotypes/cBullock Katherine aLondonbThe international institute of islamic thought c2002 a275 p aEng